| 000 | 00763nam a22001935i 4500 | ||
|---|---|---|---|
| 001 | 54914 | ||
| 003 | ES-MaACL | ||
| 005 | 20230906163040.0 | ||
| 007 | t| | ||
| 008 | 960729s1905 sp ||||1| spa d | ||
| 040 |
_aCAM _bspa _cCAM |
||
| 110 | 2 |
_aEscuela de Artes y Oficios (Bilbao) _9134362 |
|
| 245 | 1 | 0 |
_aMemoria relativa al curso de 1904 a 1905 / _cpresentada por ... Alberto Gaminde y Alzuyeta, en sesión pública celebrada para la repartición de premios en 8 de octubre de 1905. |
| 260 |
_aBilbao : _b[s.n.], _c1905 ( _fImprenta de la Casa de Misericordia) |
||
| 300 |
_aIV, 62, [2] p. ; _c21 cm. |
||
| 610 | 2 | 4 |
_aEscuela de Artes y Oficios (Bilbao)- _vMemorias. _9153306 |
| 700 | 1 |
_aGaminde y Alzuyeta, Alberto. _953793 |
|
| 852 |
_aES-MaACL _jT-1069-F-2 |
||
| 999 |
_c54914 _d54914 |
||